La Comercialización y el desarrollo rural: una estrategia para la acción /
Збережено в:
| Автор: | |
|---|---|
| Формат: | Текст |
| Теги: |
Додати тег
Немає тегів, Будьте першим, хто поставить тег для цього запису!
|
MARC
| LEADER | 00000 a a2200000 04500 | ||
|---|---|---|---|
| 001 | 4904 | ||
| 003 | |||
| 040 | |||
| 100 | |a Pando, José Luis | ||
| 245 | |a La Comercialización y el desarrollo rural: |b una estrategia para la acción / |c José Luis Pando | ||
| 773 | |g volumen 10, número 3; páginas 129-141 | ||
| 999 | |c 31754 |d 31754 | ||
